|
|
|
|
| LEADER |
00706nab a2200205 i 4500 |
| 001 |
acta23348 |
| 005 |
20220505101138.0 |
| 008 |
161017s1939 hu o 0|| ger d |
| 022 |
|
|
|a 0365-8074
|
| 040 |
|
|
|a SZTE Egyetemi Kiadványok Repozitórium
|b hun
|
| 041 |
|
|
|a ger
|
| 100 |
1 |
|
|a Kiss Árpád
|
| 245 |
1 |
4 |
|a Zur Katalyse der Komplexverbindungen
|h [elektronikus dokumentum] /
|c Kiss Árpád
|
| 260 |
|
|
|c 1939
|
| 300 |
|
|
|a 26-29
|
| 490 |
0 |
|
|a Acta chemica, mineralogica et physica
|v 7 No. 1
|
| 650 |
|
4 |
|a Természettudományok
|
| 650 |
|
4 |
|a Kémiai tudományok
|
| 695 |
|
|
|a Komplex vegyületek - katalízis
|
| 856 |
4 |
0 |
|u http://acta.bibl.u-szeged.hu/23348/1/chem_min_phys_007_fasc_001_026-029.pdf
|z Dokumentum-elérés
|